000 00335nam a22001457a 4500
008 221011b ||||| |||| 00| 0 eng d
020 _a9780877799108
041 _aeng
080 _2over 1 million in print
_a721
082 _a721
100 _a20.2
101 _aNDER
245 _aVOCALBULARY BUILDER
_cCORNOG M
942 _2udc
_cBK
999 _c58465
_d58465